|
|
|
|
| LEADER |
00000nab a2200000 a 4500 |
| 001 |
vtls008700470 |
| 003 |
SK-MaSNL |
| 005 |
20260309145810.0 |
| 008 |
250505c2006 xo |||||||| |000 b|slo |
| 015 |
|
|
|a SNBRB2006/05
|2 snkbucl
|
| 035 |
|
|
|a (uuid)34f5e7ce-cb2c-4fc1-9a04-a895df8cd1ce
|
| 035 |
|
|
|a urn:nbn:sk:snk-ab1wim
|
| 035 |
|
|
|a (urnnbn)urn:nbn:sk:snk:ar-a014wr
|
| 038 |
|
|
|a SNKBUCL
|
| 040 |
|
|
|a SNKBUCL
|b slo
|c SNKBUCL
|e AACR2
|
| 041 |
0 |
|
|a hun
|
| 044 |
|
|
|a xo
|c SK
|
| 080 |
|
|
|a 82.033:821.124´02-2
|2 1997
|
| 080 |
|
|
|a 821.124´02-2.033
|2 1997
|
| 100 |
1 |
|
|a Ferenczi, Attila,
|d 1962-
|4 aut
|9 1633936
|
| 245 |
1 |
0 |
|a Seneca Herculese
|c Ferenczi Attila
|
| 300 |
|
|
|b Obr.
|
| 600 |
1 |
7 |
|a Seneca, Lucius Annaeus,
|d 4 pred Kr.-65 po Kr.
|2 snkbucl
|9 183710
|
| 655 |
|
7 |
|a kritika a interpretácie
|2 snkbucl
|9 360040
|
| 773 |
0 |
|
|t Kalligram : művészet és gondolat
|g Évf. XV, sz. 1-2 (2006), o. 70-72
|x 1335-1826
|
| 850 |
|
|
|a Slovenská národná knižnica
|
| 852 |
|
|
|a Slovenská národná knižnica
|
| 958 |
|
|
|a article27
|
| 958 |
|
|
|a OND
|
| 958 |
|
|
|a HU
|
| 958 |
|
|
|a LX
|
| 958 |
|
|
|a EUIPO
|
| 999 |
|
|
|c 3366357
|d 3368287
|